5-Star TV Cartoon Villains Quiz Stats

 Plays Quiz Updated May 26, 2018

Also try: 5-Star TV Villains
Challenge
Share
Tweet
Embed
Score 0/50 Timer 12:00
1 Play Today
% Correct
Megatron
86.6%
Cobra Commander
73.1%
Skeletor
70.1%
Shredder
70%
Sheldon J. Plankton
69.7%
Starscream
62.9%
Mojo Jojo
59.8%
Negaduck
57.4%
Soundwave
54.9%
Flying Dutchman
53.4%
Quackerjack
52.7%
Dirty Bubble
51.1%
Beast Man
49.6%
Bubble Bass
47.7%
The Rowdyruff Boys
47.5%
Bebop
47.4%
Rocksteady
46.6%
Krang
46.1%
Man Ray
45.7%
Devestator
44.3%
Vegeta
43.8%
Majin Buu
42.5%
Dr. Drakken
42.5%
Frieza
41.3%
Storm Shadow
41%
% Correct
Destro
40.5%
Fuzzy Lumpkins
36.9%
Shego
35.8%
The Baroness
35.2%
HIM
34.6%
Ramjet
34.5%
Android 21
34.5%
Evil Midnight Bomber What Bombs at Midnight
34.2%
Steelbeak
33.8%
Señor Senior, Sr.
33.1%
Cell
32.2%
Chairface Chippendale
32%
Evil-Lyn
29.5%
Duff Killigan
28.3%
Monkey Fist
28.1%
Baxter Stockman
28%
Serpentor
27.5%
Trap Jaw
27.2%
Tri-Klops
25.1%
The Breadmaster
22.5%
Dinosaur Neil
22.2%
Sedusa
19.9%
Brainchild
19.1%
Megavolt
18.5%
Bushroot
15.9%

You're not logged in!

Compare scores with friends on all Sporcle quizzes.
OR
Log In

You Might Also Like...

Show Comments

Extras

Top Quizzes Today


Score Distribution

Your Account Isn't Verified!

In order to create a playlist on Sporcle, you need to verify the email address you used during registration. Go to your Sporcle Settings to finish the process.

Report this User

Report this user for behavior that violates our Community Guidelines.

Details: